LEADER 01266nam--2200421---450- 001 990001091740203316 005 20050428135236.0 010 $a88--87457-05-0 035 $a000109174 035 $aUSA01000109174 035 $a(ALEPH)000109174USA01 035 $a000109174 100 $a20021015d2001----km-y0itaa50------ba 101 0 $aita 102 $aIT 105 $ay---z---001yy 200 1 $aPiccolo manuale di regia$fG.Amodio, J.Flint, M.Pintersmann 210 $aFaenza$cEditrice cinetecnica$d2001 215 $a99 p.$d11x8 cm 606 0 $aRegia cinematografica 606 0 $aMessinscena 676 $a791.430233 700 1$aAMODIO,$bGiuseppe$0416881 701 1$aFLINT,$bJ.$0554028 702 1$aPINTERSMANN,$bM. 801 0$aIT$bsalbc$gISBD 912 $a990001091740203316 951 $aXIII.2. 1018 (XVI E 89)$b161575 L.M.$cXVI E$d00080244 959 $aBK 969 $aUMA 979 $aANGELA$b90$c20021015$lUSA01$h1554 979 $aANGELA$b90$c20021015$lUSA01$h1556 979 $aANGELA$b90$c20021015$lUSA01$h1641 979 $aANGELA$b90$c20021017$lUSA01$h1343 979 $aPATRY$b90$c20040406$lUSA01$h1715 979 $aCOPAT4$b90$c20050428$lUSA01$h1352 996 $aPiccolo manuale di regia$9978311 997 $aUNISA